000 00602cam a2200145 4500500
005 20260111142232.0
041 _afre
042 _adc
100 1 0 _aMoureau, François
_eauthor
245 0 0 _aNicole Willk-Brocard, Jean-Bernard Restout, 1732-1796, peintre du roi et révolutionnaire, préf. Pierre Rosenberg, Paris, Arthena, 2017, 260 p., ill. en N&B et en couleurs
260 _c2019.
500 _a5
786 0 _nDix-huitième siècle | 51 | 1 | 2019-07-17 | p. CII-CII | 0070-6760
856 4 1 _uhttps://shs.cairn.info/revue-dix-huitieme-siecle-2019-1-page-CII?lang=fr&redirect-ssocas=7080
999 _c1635837
_d1635837